01334nam a2200301Ia 450000500170000000800410001702000160005808200160007410000370009024500960012725000390022330000270026249000250028949000270031465000390034165000350038070000400041594200130045526400270046833600270049533700330052233800280055504000350058399900150061895201330063395201340076695201320090020220317000529.0160601s2004 sp a g 000 0 spa  a8420645400 04aR 103bF27d1 aFerrater Mora, Joséd1912-199110aDiccionario de filosofía de bolsillocJosé Ferrater Mora ; compilado por Priscilla Cohn a1a. edición b3a. reimpresión  a2 volúmenes c17 cm  aEl Libro de Bolsillo aBiblioteca de Consulta142LEMB aFilosofía vDiccionarios 142LEMB aFilosofía xHistoria 1 aCohn, Priscillaecompilador 950714 2ddccREF aMadrid bAlianzac2004 atextobtxt2rdacontent asin mediaciónbn2rdamedia avolumenbnc2rdacarrier aCO-BoRNBPbspaerdacCO-BoRNBP c4306d4306 00102ddc40708006aMEMAPIRIbMEMAPIRIcREFd2024-01-11l0oR103 F27dpMAP00001187r2024-01-11 14:22:12tEj.1w2024-01-11yREF 00102ddc40708006aMEMAPIRIbMEMAPIRIcREFd2024-01-11l0oR 103 F27dpMAP00001188r2024-01-11 14:24:49tEj.1w2024-01-11yREF 00102Loc40708GENaMEPCONCObMEPCONCOcREFd2025-10-14l0oR 103 F27dpPCON00034r2025-10-14 20:13:00tEj.1w2025-10-14yREF